00326nam a2200133Ia 4500008004100000020001500041041001200056082001600068100001300084245003900097260003200136300000800168650001600176221030s9999 xx 000 0 und d a8187522321 aEnglish a105.23bSin aG. Singh 0aPC Software Made Easycby G. Singh bKhanna PubaNew Delhic2022 a567 aBE Computer